Biological laboratory data /

Guardado en:
Autor Principal: Hale, Leslie John.
Formato: Libro
Idioma:English
Publicado: London : New York : Methuen ; Wiley, [1958]
Series:Methuen's monographs on biological subjects
Etiquetas: Agregar Etiqueta
Sin Etiquetas, Sea el primero en etiquetar este registro!
LEADER 00488nam a22001455a 4500
001 EEA.libagro000950
005 20140822115233.0
008 130809s1958####nyua##########000#0#eng#d
082 0 4 |a 574.0212 
100 1 |a Hale, Leslie John. 
245 1 0 |a Biological laboratory data /  |c L. J. Hale. 
260 |a London :  |b Methuen ;  |a New York :  |b Wiley,  |c [1958] 
300 |a 132 p. :  |b il. ;  |c 19 cm. 
490 1 |a Methuen's monographs on biological subjects 
859 |a AR-BbBCA  |b BIB. AGRONOMIA  |h 574.0212  |i H162  |p 1959/0476